| 000 | 00867nam a2200289Ia 4500 | ||
|---|---|---|---|
| 008 | 160803s9999 xx 000 0 und d | ||
| 020 | _a978-0747597322 | ||
| 100 | _aRees, Celia | ||
| 245 | 4 | _aThe fool's girl / | |
| 245 | _cCelia Rees. | ||
| 260 | _aNew York : | ||
| 260 | _bScholastic Inc. | ||
| 260 | _c2010 | ||
| 300 | _a297 pages ; | ||
| 300 | _c20 cm | ||
| 500 | _aOriginally published: New York : Bloomsbury USA Children's Books, ©2010. | ||
| 650 | _aAdventure and adventurers -- | ||
| 650 | _aGreat Britain -- History -- Elizabeth, 1558-1603. | ||
| 650 | _aLondon (England) -- History -- 17th century -- | ||
| 650 | _aShakespeare, William, -- 1564-1616 -- | ||
| 650 | _aShakespeare, William, -- 1564-1616 -- | ||
| 650 | _xFiction. | ||
| 650 | _xFiction. | ||
| 650 | _xFiction. | ||
| 650 | _xJuvenile fiction. | ||
| 700 | _a780 | ||
| 999 |
_c298511 _d298511 |
||